000 nam a22 7a 4500
999 _c10307
_d10307
008 180213b ||||| |||| 00| 0 eng d
100 _aSharma, R
_96269
245 _aGrammer skills -VIII
260 _aNew Delhi
_bCarol Publication
_c2013